|
|
|
|
| LEADER |
00934nam a2200265 a 4500 |
| 001 |
14583721 |
| 008 |
090720s2007 cau b 001 0 eng d |
| 010 |
|
|
|a \\2006935912
|
| 020 |
|
|
|a 9781412924023 (hbk.)
|
| 020 |
|
|
|a 1412924022 (hbk.)
|
| 020 |
|
|
|a 1412924030 (pbk.)
|
| 020 |
|
|
|a 9781412924030 (pbk.)
|
| 040 |
|
|
|a UKM
|c UKM
|d YDXCP
|d BAKER
|d DLC
|
| 082 |
0 |
4 |
|a 613
|2 22
|
| 245 |
0 |
0 |
|a Communicating health :
|b strategies for health promotion /
|c edited by Nova Corcoran.
|
| 260 |
|
|
|a Los Angeles :
|b SAGE Publications,
|c 2007.
|
| 300 |
|
|
|a x, 220 p. ;
|c 25 cm.
|
| 504 |
|
|
|a Includes bibliographical references and index.
|
| 541 |
1 |
|
|e 00018444
|
| 650 |
|
0 |
|a Health promotion.
|
| 650 |
|
0 |
|a Health education.
|
| 700 |
1 |
|
|a Corcoran, Nova.
|
| 852 |
4 |
|
|a School of Public Health.
|
| 999 |
|
|
|c 2643
|d 2643
|
| 952 |
|
|
|0 0
|1 0
|2 ddc
|4 0
|6 613_000000000000000_COM
|7 0
|9 2421
|a JPGSPH
|b JPGSPH
|d 2009-07-22
|l 0
|o 613 COM
|p 3060018444
|r 2009-07-22
|t 1
|w 2009-07-22
|y BK
|